000
00217nam a22000977a 4500
008
160512b xxu||||| |||| 00| 0 eng d
041
_a
eng
080
_a
612.39
245
_a
Analizat kimike te ujerave:
942
_2
udc
_c
BK
999
_c
2103
_d
2103